The Five Families of New York - Statistics

General Stats
  • This quiz has been taken 76 times
  • The average score is 4 of 5
Answer Stats
Answer % Correct
Gambino
89%
Lucchese
79%
Bonanno
73%
Colombo
73%
Genovese
68%
No matching quizzes found
Score Distribution
Percent of People with Each Score
Percentile by Number Answered
Your Score History
You have not taken this quiz